| 000 | 00857nam a22002417a 4500 | ||
|---|---|---|---|
| 008 | 130421b xxu||||| |||| 00| 0 eng d | ||
| 020 | _a978-81-317-2720-1 | ||
| 040 |
_aMawlana Bhashani Science and Technology University Library _dMawlana Bhashani Science and Technology University Library |
||
| 082 |
_222 _a658 ROM |
||
| 100 | _aRobbins, Stephen P, Mary Coulter and Neharika Vohra | ||
| 245 |
_aManagement _bManagement _hEnglish |
||
| 250 |
_a10th Edition _b10th edition |
||
| 260 |
_aNew Delhi _bPearson Education _c2010 |
||
| 300 |
_a28 cm _b544 page _f10 _g28cm |
||
| 505 | _tManagement | ||
| 600 |
_aRobbins, Stephen P _cManagement |
||
| 650 | _2Management | ||
| 700 |
_aRobbins, Stephen P _cManagement |
||
| 270 |
_aNew Delhi, India _bIndia _dIndia |
||
| 365 | _b750.00 | ||
| 942 |
_2ddc _cBK |
||
| 999 |
_c263 _d263 |
||